00711nam a22001937a 4500003000900000008004100009020001800050040007100068082002100139100002000160245005400180260003500234300006600269505010300335650002300438650001000461650001600471700003000487AR-CdUCM190410b ||||| |||| 00| 0 spa d a1-55566-327-3 aMUNICIPALIDAD PROVINCIAL DEL CUSCOcBIBLIOTECA MUNICIPAL DEL CUSCO a985.6121 / bW9L aWright, Ruth M. aThe Machupicchu Guidebook :ba self-guided tour / aPerú :bJohnsin Book,c2004. a188 páginas ;bFotografías, mapas, ilustraciones,c21 cm. aContenido: The western union sector -- The easten urban sector -- Various sights on the way out... aGuía turística aCusco aMachupicchu aValencia Zegarra, Alfredo